000 00616nam a2200217Ia 4500
005 20241029105031.0
008 210716s2012 xx 000 0 und d
020 _a9788131763964
040 _cAIMIT LIBRARY
041 _aeng
082 _a005.73
_24
_bSEDR
100 _aSedgewick, Robert.
_945181
245 _aAlgorithms /
_cBy Robert Sedgewick and Kevin Wayne.
250 _a4th ed.
260 _aNew Delhi :
_bPearson Education ,
_c2012 .
300 _axii, 955p. ;
_c23.5 cm
650 _2Sorting searching
650 _2Graphs
700 _aWayne, Kevin.
_945182
942 _2ddc
_cBK
_e4th
_k005.73 SEDR
999 _c192301
_d192301